Countries With an I and U - Statistics

General Stats
  • This quiz has been taken 60 times
    36 since last reset
  • The average score is 25 of 36
Answer Stats
Answer % Correct
Austria
91%
Australia
86%
D.R. Congo
86%
Suriname
86%
United States
86%
Belgium
82%
Rep. of the Congo
82%
United Kingdom
82%
Central African Republic
77%
Dominican Republic
77%
Burundi
73%
Djibouti
73%
Lithuania
73%
South Africa
73%
Uzbekistan
73%
Bulgaria
68%
Guinea
68%
Guinea-Bissau
68%
Papua New Guinea
68%
Ukraine
68%
United Arab Emirates
68%
Antigua and Barbuda
64%
Mauritania
64%
Mauritius
64%
Russia
64%
St. Lucia
64%
Turkmenistan
64%
Equatorial Guinea
59%
Nicaragua
59%
Burkina Faso
55%
Kuwait
55%
Brunei
50%
Czech Republic
50%
Mozambique
50%
Saudi Arabia
45%
Tunisia
41%
No matching quizzes found
Score Distribution
Percent of People with Each Score
Percentile by Number Answered
Your Score History
You have not taken this quiz since the last reset